| 000 -CABECERA |
| fixed length control field |
01450nam a22002657a 4500 |
| 003 - IDENTIFICADOR DEL NÚMERO DE CONTROL |
| control field |
AR-CdUCM |
| 008 - DATOS DE LONGITUD FIJA--INFORMACIÓN GENERAL |
| fixed length control field |
190425b ||||| |||| 00| 0 spa d |
| 040 ## - FUENTE DE LA CATALOGACIÓN |
| Agencia/entidad que catalogó originalmente la obra |
MUNICIPALIDAD PROVINCIAL DEL CUSCO |
| Entidad que transcribió la catalogación |
BIBLIOTECA MUNICIPAL DEL CUSCO |
| 082 ## - NÚMERO DE LA CLASIFICACIÓN DECIMAL DEWEY |
| No. de Clasificación |
Rev.FD/N°6/1971 |
| 110 ## - ENTRADA PRINCIPAL--NOMBRE DE ENTIDAD CORPORATIVA |
| Nombre de la institución, jurisdicción como entrada principal |
Universidad Nacional De San Antonio Abad del Cuzco |
| 9 (RLIN) |
14483 |
| 245 ## - MENCIÓN DE TÍTULO |
| Título |
Revista de la Facultad de Derecho de la Universidad Nacional de San Antonio Abad del Cuzco / |
| Mención de responsabilidad |
Universidad Nacional de San Antonio Abad del Cuzco |
| 260 ## - PUBLICACIÓN, DISTRIBUCIÓN, ETC. |
| Lugar de publicación, distribución, etc. |
Cusco : |
| Nombre de la editorial, distribuidor, etc. |
H.G. Rozas, |
| Fecha de publicación, distribución, etc. |
1971. |
| 300 ## - DESCRIPCIÓN FÍSICA |
| Nº de Páginas Extensión |
114 páginas. : |
| Dimensiones |
24 cm. |
| 440 ## - MENCIÓN DE SERIE/PUNTO DE ACCESO ADICIONAL--TÍTULO |
| Título |
Revista de la Facultad de Derecho de la Universidad Nacional de San Antonio Abad del Cuzco. |
| Número de la parte/sección de una obra |
N°6, 1971. |
| 9 (RLIN) |
46714 |
| 505 ## - NOTA DE CONTENIDO CON FORMATO |
| Nota de contenido formateada |
Contenido: Los principios y bases de un nuevo código de procedimientos civiles. Cesar Muñiz Rodríguez.-- En defensa del Patrimonio cultural del Cuzco. Ernesto Valdivia Pezo. -- El derecho publico y el derecho privado. Pedro Valcárcel Gamarra. -- Inoperancia del Derecho peruano frente a la sociedad y cultura indígenas. Bertha Degregori de Nieto. |
| 650 ## - PUNTO DE ACCESO ADICIONAL DE MATERIA--TÉRMINO DE MATERIA |
| Descriptor |
Derecho del Perú |
| 9 (RLIN) |
46685 |
| 650 ## - PUNTO DE ACCESO ADICIONAL DE MATERIA--TÉRMINO DE MATERIA |
| Descriptor |
Facultad de Derecho del Cuzco |
| 9 (RLIN) |
46697 |
| 650 ## - PUNTO DE ACCESO ADICIONAL DE MATERIA--TÉRMINO DE MATERIA |
| Descriptor |
Proyecto de reformas metodológicas |
| 9 (RLIN) |
46707 |
| 700 ## - PUNTO DE ACCESO ADICIONAL--NOMBRE DE PERSONA |
| Nombre Personal |
Muñiz Rodríguez, Cesar |
| 9 (RLIN) |
46715 |
| 700 ## - PUNTO DE ACCESO ADICIONAL--NOMBRE DE PERSONA |
| Nombre Personal |
Valdivia Pezo, Ernesto |
| 9 (RLIN) |
14881 |
| 700 ## - PUNTO DE ACCESO ADICIONAL--NOMBRE DE PERSONA |
| Nombre Personal |
Valcárcel Gamarra, Pedro |
| 9 (RLIN) |
46716 |
| 700 ## - PUNTO DE ACCESO ADICIONAL--NOMBRE DE PERSONA |
| Nombre Personal |
Degregori de Nieto, Bertha |
| 9 (RLIN) |
29675 |
| 942 ## - ELEMENTOS DE PUNTO DE ACCESO ADICIONAL (KOHA) |
| Fuente de clasificación |
|
| Tipo de item |
Revistas cusqueñas |
| 945 ## - PROCESAMIENTO DE INFORMACIÓN LOCAL (OCLC) |
| Catalogador |
rac |